International Exhibition at Barcelona : september 1887 - April 1888 : Patronage Commission september 1887 - April 1888 :
Descripción Física:
1 full ; 28 cm
MARC
| LEADER | 00000nam a2200000Ia 4500 | ||
|---|---|---|---|
| 001 | 16190 | ||
| 008 | 160829s1887?] xx 000 0 cat d | ||
| 080 | |a RF-13-24 | ||
| 100 | |a Exposició Universal de Barcelona (1888) | ||
| 245 | |a International Exhibition at Barcelona : |b september 1887 - April 1888 : |b Patronage Commission | ||
| 260 | |a [Barcelona : |b Imp. Suc. Ramirez, |c 1887?] | ||
| 300 | |a 1 full ; |c 28 cm | ||
| 590 | |a Prové de 1403, exp. 2. | ||
| 590 | |a Un altre exemplar en alemany amb R. 16189 | ||
| 611 | 2 | 0 | |a Exposició Universal de Barcelona |d (1887-1888 : |c Barcelona, Catalunya) |9 55061 |
| 650 | |a Comitès |x Barcelona |9 46943 | ||
| 856 | 4 | |u https://media.diba.cat/diba/fitxers/arxiu/fulletons/bib_16190_1887_baixa.pdf |y Accés lliure | |
| 856 | 4 | |u https://media.diba.cat/diba/fitxers/arxiu/fulletons/bib_16190_1887_baixa.pdf |y Accés lliure | |
| 901 | |a Arxiu | ||
| 942 | |n 1 |2 udc | ||
| 952 | |0 0 |1 0 |4 0 |6 RF1324 |7 1 |9 53552 |a Arxiu |b Arxiu |d 2016-12-01 |l 0 |o RF-13-24 |p 16190 |r 2016-12-01 00:00:00 |w 2016-12-01 |y ARXIU | ||
| 999 | |c 57418 |d 57418 | ||
| 900 | |a bib_16190_1887_baixa.pdf | ||